LEADER 01023nam0-22003131--450- 001 990008182140403321 005 20050909092342.0 010 $a88-348-4574-9 035 $a000818214 035 $aFED01000818214 035 $a(Aleph)000818214FED01 035 $a000818214 100 $a20050909d2004----km-y0itay50------ba 101 0 $aita 102 $aIT 105 $ay----n--001yy 200 1 $a<>teoria dell' ente pubblico in forma di società$econsiderazioni critiche$fMaria Giulia Roversi Monaco 210 $aTorino$cGiappichelli$d[2004] 215 $aVIII, 223 p.$d24 cm 300 $aSegue: Il percorso giurisprudenziale, Il punto di arrivo della giurisprudenza comunitaria , dello stesso A 676 $a346.45067$v21$zita 700 1$aRoversi Monaco,$bMaria Giulia$0498429 801 0$aIT$bUNINA$gRICA$2UNIMARC 901 $aBK 912 $a990008182140403321 952 $aVI F 1004$b6284$fDDA 959 $aDDA 996 $aTeoria dell' ente pubblico in forma di società$9735851 997 $aUNINA LEADER 01841nas 2200565- 450 001 996206506103316 005 20231101154412.0 011 $a1865-9055 035 $a(OCoLC)608029719 035 $a(CKB)110978977737801 035 $a(CONSER)--2016204058 035 $a(DE-599)ZDB2393719-1 035 $a(EXLCZ)99110978977737801 100 $a20100420a19629999 s-- b 101 0 $ager 135 $aurbn||||||abp 135 $aurbn||||||ada 181 $ctxt$2rdacontent 182 $cc$2rdamedia 183 $acr$2rdacarrier 200 00$aRomanische Bibliographie 210 1$aBerlin :$cDe Gruyter Mouton 300 $aPrint version published: Tübingen : Max Niemeyer Verlag, 1965-2007; Berlin : De Gruyter, 2008- 311 $a0080-388X 517 1 $aRomance bibliography 517 1 $aBibliographie romane 531 0 $aRom. Bibliogr. 606 $aRomance philology$vBibliography$vPeriodicals 606 $aPhilology, Modern$vBibliography$vPeriodicals 606 $aRomance-language literature$vBibliography$vPeriodicals 606 $aPhilologie romane$vBibliographie$vPériodiques 606 $aPhilology, Modern$2fast$3(OCoLC)fst01060716 606 $aRomance-language literature$2fast$3(OCoLC)fst01099871 606 $aRomance philology$2fast$3(OCoLC)fst01099881 606 $aRomaanse talen$2gtt 608 $aBibliographies.$2fast 608 $aPeriodicals.$2fast 615 0$aRomance philology 615 0$aPhilology, Modern 615 0$aRomance-language literature 615 6$aPhilologie romane 615 7$aPhilology, Modern. 615 7$aRomance-language literature. 615 7$aRomance philology. 615 17$aRomaanse talen. 676 $a479.05 906 $aJOURNAL 912 $a996206506103316 996 $aRomanische Bibliographie$9561340 997 $aUNISA LEADER 02196oam 2200565 c 450 001 9910552993803321 005 20260302090207.0 010 $a9783847416005 010 $a3847416006 010 $a9783847410164 010 $a3847410164 024 3 $a9783847410164 035 $a(CKB)5120000000120526 035 $a(MiAaPQ)EBC6357504 035 $a(Verlag Barbara Budrich)9783847410164 035 $a(ScCtBLL)8ac937d5-5e46-437a-b90a-24d3313c6351 035 $a(oapen)https://directory.doabooks.org/handle/20.500.12854/79386 035 $a(Perlego)3478231 035 $a(oapen)doab79386 035 $a(EXLCZ)995120000000120526 100 $a20260302d2018 uy 0 101 0 $aeng 135 $aurcnu|||||||| 181 $ctxt$2rdacontent 182 $cc$2rdamedia 183 $acr$2rdacarrier 200 00$aBorders and Margins $eFederalism, Devolution and Multi-Level Governance /$fGuy Lachapelle, Pablo Oñate 205 $a1st ed. 210 $aLeverkusen$cVerlag Barbara Budrich$d2018 215 $a1 online resource (300 pages) 311 08$a9783847420255 311 08$a3847420259 320 $aIncludes bibliographical references and index. 330 $aThe theory and concept of multi-level governance (MLG) is a fairly recent one, emerging from the deepening integration of the European Union in the early 1990s and the development of free trade agreements around the world. MLG enlarges the traditional approaches, namely those of neo-institutionalism and multinational federalism, by offering a better understanding of the role of the state, regions and provinces. The book analyses the changes that have taken place as well as those that might take place in the future. 606 $aparadiplomacy 606 $amultilevel governance 606 $acomparative analysis 615 4$aparadiplomacy 615 4$amultilevel governance 615 4$acomparative analysis 676 $a320.8 702 $aLachapelle$b Guy$4edt 702 $aOñate$b Pablo$4edt 801 0$bMiAaPQ 801 1$bMiAaPQ 801 2$bMiAaPQ 906 $aBOOK 912 $a9910552993803321 996 $aBorders and margins$91109233 997 $aUNINA